L'analyse du texte de théâtre (notice n° 1960214)

détails MARC
000 -LEADER
fixed length control field 01004cam a2200133 4500500
005 - DATE AND TIME OF LATEST TRANSACTION
control field 20260329034014.0
041 ## - LANGUAGE CODE
Language code of text/sound track or separate title fre
042 ## - AUTHENTICATION CODE
Authentication code dc
100 10 - MAIN ENTRY--PERSONAL NAME
Personal name Pruner, Michel
Relator term author
245 00 - TITLE STATEMENT
Title L'analyse du texte de théâtre
260 ## - PUBLICATION, DISTRIBUTION, ETC.
Name of publisher, distributor, etc. Armand Colin,<br/>
Date of publication, distribution, etc. 2025.<br/>
520 ## - SUMMARY, ETC.
Summary, etc. Le texte théâtral a un statut particulier: il est à la fois matériau du spectacle et œuvre littéraire. Son approche exige une démarche spécifique qui tient compte de ce double aspect. Cet ouvrage aborde les différents problèmes que soulève la théâtralité du langage dramatique: élaboration de la fable, traitement de l’espace et du temps, construction du personnage, fonctionnement du dialogue théâtral, autant de questions sur lesquelles, à travers de nombreux exemples, il apporte des repères utiles, afin de guider les étudiants dans leur lecture des textes de théâtre.
856 41 - ELECTRONIC LOCATION AND ACCESS
Uniform Resource Identifier <a href="https://shs.cairn.info/l-analyse-du-texte-de-theatre-2e-ed--9782200641139?lang=fr&redirect-ssocas=7080">https://shs.cairn.info/l-analyse-du-texte-de-theatre-2e-ed--9782200641139?lang=fr&redirect-ssocas=7080</a>

Pas d'exemplaire disponible.

PLUDOC

PLUDOC est la plateforme unique et centralisée de gestion des bibliothèques physiques et numériques de Guinée administré par le CEDUST. Elle est la plus grande base de données de ressources documentaires pour les Étudiants, Enseignants chercheurs et Chercheurs de Guinée.

Adresse

627 919 101/664 919 101

25 boulevard du commerce
Kaloum, Conakry, Guinée

Réseaux sociaux

Powered by Netsen Group @ 2025